Statistiques concernant Questions sur The Legend of Zelda : The Wind Waker (difficile)

Cliquez ici pour prendre le quiz!

Statistiques générales

  • Ce quiz a été pris 47 fois
  • Le résultat moyen est 4 sur 15

Statistiques - réponses

QuestionsRéponses% Correct
Nom de l'unique personnage présent dans The Wind Waker qui est toujours en vie dans Spirit TracksNico
67%
Lieu de la première rencontre avec des MolblinsForteresse Maudite
55%
Nombre d'archipel présents dans le jeu3
45%
Nom du pirate présent sur l'île de l'aurore au début du jeu avec Nico et TetraGonzo
36%
Objet obtenable dans la Tour de GanonFlèches de Lumière
31%
Timeline de la chronologie Zelda dans laquelle apparaît The Wind WakerLink bat ganon et reste adulte
29%
Lieu du premier combat possible avec un MolblinCaverne du dragon
24%
Nom de l'île à côté de laquelle se trouve un sous marin contenant un flaconIle de la bombe
21%
Nom de l'île où l'on peut délivrer une grande fée d'un calamar géantIle de la face deux
17%
Prix total à payer à Tingle pour décrypter toute les cartes de la triforce (version gamecube)3184
12%
Même question que ci-dessus, mais sur la version HD1194
7%
Nom du jeune couple timideAnton et Linda
7%
Nom du personnage enchérissant toujours en premierBenny
7%
Addition des montants de départs des enchères (pendentif du bonheur exclu, verison gamecube)145
5%
Même question que ci-dessus, mais sur la version HD245
2%

Distribution des résultats

Percentile par nombre de réponses

% des personnes avec chaque résultat

Votre développement - résultats

Vous n’avez pas pris ce quiz